000 01033nam a22002537a 4500
999 _c64759
_d64759
005 20240530110749.0
008 181204s2017 ua g b 000 0dara d
017 _a2016/9169
_bمصر. دار الكتب
020 _a9789772769988
040 _aEG-CaGPL
_cEG-CaGPL
082 0 4 _221
_a320.019 /
_bأ ع
100 0 _aامنية سالم
245 1 0 _aعلم النفس السياسى سيكولوجية القيادة والسياسة الخارجية /
_cاعداد امنية سالم
250 _aط.1
260 _aالقاهرة :
_bالمكتب العربى للمعارف،
_c2017.
300 _a262 ص. ؛
_c24 سم.
504 _aيشتمل على ارجاعات ببليوجرافية
650 0 7 _2qrmak
_aعلم النفس السياسى
650 0 7 _2qrmak
_aالعلاقات الخارجية
_xالجوانب النفسية
650 0 7 _2qrmak
_aالعلوم السياسية
650 0 7 _2qrmak
_aالاجتماع السياسى، علم
942 _2ddc
_cBK